| 000 | 00589cas a22002295a 4500 | ||
|---|---|---|---|
| 001 | L01402817 | ||
| 008 | 070615c2004 xxkqr p 0 a0eng | ||
| 022 | 1 | _a0140-2817 | |
| 035 | _a(Sirsi) u98784 | ||
| 041 | 0 | _aeng | |
| 110 |
_aConstruction Industry Research and Information Association _94810 |
||
| 245 | _aEvolution | ||
| 260 |
_aLondon _bCIRIA _c2004- |
||
| 362 | 0 | _a2004- | |
| 520 | _aKept for one year | ||
| 554 | _aFour per year | ||
| 651 | 4 |
_aUnited Kingdom _y |
|
| 690 | _aBUILT ENVIRONMENT | ||
| 780 | 0 | 0 |
_tCIRIA News _x0141-2817 |
| 942 | _n0 | ||
| 948 | _c10/05/1994 | ||
| 999 |
_c118522 _d118522 |
||